Jak dostat z lidí to nejlepší

Niektorí šéfovia dokážu vo svojich zamestnancoch ubiť všetku inteligenciu a schopnosti, iní ich dokážu rozžiariť k úspechom. Päť hlavných typov vedúcich.

Na minha lista:
Detalhes bibliográficos
Formato: Capítulo de Livro
Idioma:tcheco
Assuntos:
Tags: Adicionar Tag
Sem tags, seja o primeiro a adicionar uma tag!

MARC

LEADER 00000naa a2200000 4500
001 0134722
005 20231129102428.1
041 0 |a cze 
044 |a CZ 
245 1 0 |a Jak dostat z lidí to nejlepší 
520 |a Niektorí šéfovia dokážu vo svojich zamestnancoch ubiť všetku inteligenciu a schopnosti, iní ich dokážu rozžiariť k úspechom. Päť hlavných typov vedúcich. 
610 2 0 |a manažéri 
610 2 0 |a vedenie ľudí